=LDR 00000nam 2200000 4500 =001 000170 =020 $9786028394932 =082 $384.540 =100 $$a Asep Syamsul M. Romli =245 $$a Broadcast for teen: jadi penyiar itu asyik lho! /$c Asep Syamsul M. Romli =250 $Cetakan III =264 $Bandung: Nuansa Cendekia 2024 =300 $136 halaman; 21 cm. =650 $Komunikasi =905 $384.54 ASE b =336 $$a =337 $$a =338 $$a =005 20260702151432.0 =008 260702s2026\\\\\\\\\\\\\\\\\\\\\\\\\\\\\\\\\\\\\\\\\